000 00545nam a2200181Ia 4500
003 IN-BaIIA
008 211028s9999 xx 000 0 eng d
040 _cIIA Library
080 _a539.2
_bSOL
245 0 _aSolid state physics
_cedited by Ryogo Kubo and Takeo Nagamiya
260 _aNew York
_bMcGraw-Hill
_c1969
300 _axix, 840p.
650 _aNASA thesaurus
650 _aSolid state physics
700 _aKubo, Ryogo, ed.
_95870
700 _aNagamiya, Takeo,ed.
_96032
942 _cBK
999 _c3407
_d3407